000 00659nam a2200241 i 4500
001 C2-0343823
003 PPAK
005 20180728144853.0
008 171127s2017 nyua|||| ||||| | eng d
020 _a9781481427326
040 _aPPAK
_beng
_cPPAK
_erda
082 0 4 _a823
_223
090 0 0 _a823
_bROC
_dK
100 1 _aRockwell, Anne,
_eauthor
245 1 0 _aLibrary day
264 1 _aNew York :
_bAladdin ,
_c2017
300 _a[pages not identified] :
_bcolour illustrations ;
_c23 cm
336 _2rdacontent
_atext
337 _2rdamedia
_aunmediated
338 _2rdacarrier
_avolume
650 1 0 _aChildren's stories, English.
942 _ddc
_cB
999 _c140595
_d140595